Land development simulation and traffic mitigation.

Bibliographic Details
Corporate Author: National Research Council (U.S.). Transportation Research Board
Format: Book
Language:English
Published: Washington, D.C. : Transportation Research Board, National Research Council, 1986.
Series:Transportation research record ; 1079.
Subjects:

MARC

Tag First Indicator Second Indicator Subfields
LEADER 00000cam a2200000 a 4500
001 in00000009341
005 20151007051527.0
008 861022s1986 dcua b f10000 eng
010 |a  86028461  
020 |a 0309040736 (pbk.) 
035 |a (OCoLC)14692528 
035 |9 AAA3425AM 
040 |a DLC  |c DLC  |d TXA  |d UtOrBLW 
043 |a n-us--- 
049 |a TXAM  |c [A11029404] 
050 0 0 |a TE7  |b .H5 no. 1079  |a HE355 
082 0 |a 380.5 s  |a 388.1/068  |2 19 
245 0 0 |a Land development simulation and traffic mitigation. 
264 1 |a Washington, D.C. :  |b Transportation Research Board, National Research Council,  |c 1986. 
300 |a 36 pages :  |b illustrations ;  |c 28 cm. 
336 |a text  |b txt  |2 rdacontent 
337 |a unmediated  |b n  |2 rdamedia 
338 |a volume  |b nc  |2 rdacarrier 
490 1 |a Transportation research record ;  |v 1079 
504 |a Includes bibliographies. 
650 0 |a Highway planning  |z United States  |x Congresses. 
650 0 |a Transportation  |z United States  |x Planning  |v Congresses. 
650 0 |a Land use  |z United States  |x Planning  |x Congresses. 
710 2 |a National Research Council (U.S.).  |b Transportation Research Board. 
830 0 |a Transportation research record ;  |v 1079. 
999 |a MARS 
999 f f |s 5092cf2a-b0c4-3635-b761-3ff47e363a3c  |i f42a63e9-1fc2-3cae-af9f-5e5626d96c28  |t 0 
952 f f |p default  |a Texas A&M University  |b College Station  |c Sterling C. Evans Library  |d Evans: Microforms (3rd floor)  |t 0  |e fiche S 745 no.1079  |h Other scheme  |i unmediated -- volume 
952 f f |p ric  |a Texas A&M University  |b Rellis Campus  |c Joint Library Facility  |d Remote Storage  |t 0  |e TE7 .H5 no.1079  |h Library of Congress classification  |i unmediated -- volume  |m A14811029404 
998 f f |a fiche S 745 no.1079  |t 0  |l Evans: Microforms (3rd floor) 
998 f f |a TE7 .H5 no.1079  |t 0  |l Remote Storage